| Поле | Название | Значение |
| |
Тип записи |
a |
| |
Библиографический уровень |
m |
| 001 |
Контрольный номер |
09a530ee6170419a99d8997cd3a4b660 |
| 005 |
Дата корректировки |
20150821103318.2 |
| 010 |
Индекс ISBN |
__ |
| a |
ISBN |
978-5-901709-18-4 |
| 101 |
Язык документа |
0_ |
| a |
Язык текста |
rus |
| 102 |
Страна публикации |
__ |
| a |
Страна публикации |
RU |
| 200 |
Заглавие и сведения об ответственности |
1_ |
| a |
Заглавие |
Лизинг |
| b |
Общее обозначение материала |
Текст |
| e |
Сведения, относящиеся к заглавию |
учебное пособие |
| f |
Первые сведения об ответственности |
И. И. Нуртдинов |
| 205 |
Сведения об издании |
__ |
| a |
Основные сведения об издании |
2-е изд. |
| 210 |
Выходные данные |
1_ |
| a |
Место издания |
М. |
| c |
Издательство |
ООО "Издательский дом Центросоюза" |
| d |
Дата издания |
2013 |
| 215 |
Физическое описание |
__ |
| a |
Объем |
164 с. |
| 610 |
Ключевые слова |
0_ |
| a |
Ключевые слова |
учебное пособие |
| a |
Ключевые слова |
лизинг |
| a |
Ключевые слова |
лизингодатель |
| a |
Ключевые слова |
расчет платежей |
| a |
Ключевые слова |
лизинговая сделка |
| a |
Ключевые слова |
инвестиционный проект |
| a |
Ключевые слова |
бизнес-план |
| a |
Ключевые слова |
страхование рисков |
| a |
Ключевые слова |
организация бизнеса |
| a |
Ключевые слова |
бакалавриат |
| a |
Ключевые слова |
аспирантура |
| 686 |
Индексы других классификаций |
__ |
| a |
Классификационный индекс |
65.262.1 |
| 2 |
Код системы |
rubbk |
| 700 |
Автор |
_1 |
| a |
Фамилия |
Нуртдинов |
| b |
Имя |
И. И. |
| 801 |
Источник записи |
_0 |
| a |
Страна |
RU |
| b |
Организация |
РУК |
| g |
Правила каталогизации |
PSBO |
| 801 |
Источник записи |
_1 |
| a |
Страна |
RU |
| b |
Организация |
РУК |
| g |
Правила каталогизации |
PSBO |
| 852 |
Данные о местонахождении |
__ |
| i |
Авторский знак |
Н 90 |
| j |
Шифр хранения |
ББК 65.262.1 |
| 901 |
Тип документа |
__ |
| t |
Тип документа |
m |
| 937 |
Технологическая информация |
__ |
| a |
Создатель записи (имя) |
Завалишина |
| 938 |
Служебная информация |
__ |
| a |
Название организации |
Поволжский филиал |
| 938 |
Служебная информация |
__ |
| a |
Название организации |
Сыктывкарский филиал |
| 952 |
Тип литературы |
__ |
| b |
Гриф литературы для ВШ |
гриф |
| c |
Вид литературы |
учебное пособие |